[Event "Mickwait 1 - Noxxon 0"]
[Site "http://www.queenalice.com/game.php?id=451957"]
[Date "2008.8.22"]
[Round "-"]
[White "Mickwait"]
[Black "noxxon"]
[Result "0-1"]
[WhiteElo "1293"]
[BlackElo "1489"]

1. e4 d5 2. e5 e6 3. d4 c5 4. c3 cxd4 5. cxd4 Nc6 6. Bb5 Qa5+ 7. Nc3 Bb4 8.
Bxc6+ bxc6 9. Bd2 Nh6 10. Nge2 c5 11. Qa4+ Bd7 12. Qxa5 Bxa5 13. dxc5 O-O 14.
Bxh6 gxh6 15. O-O Bc7 16. f4 f6 17. exf6 Rxf6 18. Rf3 e5 19. Nxd5 Rf7 20. Nxc7
Rc8 21. Na6 Bb5 22. fxe5 Bxe2 23. Rxf7 Kxf7 24. Nb4 Rxc5 25. Re1 Rxe5 26. Kf2
Rb5 27. Rxe2 Rxb4 28. a3 Rf4+ 29. Kg3 Rf5 30. Kg4 Kf6 31. h4 h5+ 32. Kg3 Rd5 33.
Kf3 Rd4 34. Re4 Rd1 35. g3 Rb1 36. b4 Rb3+ 37. Re3 Rb1 38. Ke4 Rc1 39. Rf3+ Ke6
40. Kd4 Ra1 41. Kc5 Ke5 42. Rf7 Rxa3 43. Rxh7 Rc3+ 44. Kb5 Kd6 45. Rxh5 Rc6 46.
Ka4 a6 47. Rh6+ Kd5 48. Rxc6 Kxc6 49. h5 Kd7 50. h6 Kc7 51. h7 Kb7 52. h8=Q Kb6
0-1

[Event "Challenge"]
[Site "http://www.queenalice.com/game.php?id=451963"]
[Date "2008.8.22"]
[Round "-"]
[White "archangel"]
[Black "Mickwait"]
[Result "1-0"]
[WhiteElo "1702"]
[BlackElo "1417"]

1. e4 e5 2. Nf3 Nc6 3. Bb5 Bc5 4. Bxc6 bxc6 5. O-O d6 6. c3 Ba6 7. d3 Nf6 8. Bg5
h6 9. Bd2 Rb8 10. b4 Bb6 11. c4 c5 12. Qa4+ Nd7 13. Qxa6 O-O 14. b5 f5 15. a4
Ra8 16. Qb7 Rb8 17. Qd5+ Kh8 18. exf5 Rxf5 19. a5 Nf6 20. Qe6 g6 21. Bxh6 Qg8
22. Qxg8+ Nxg8 23. Be3 Ne7 24. axb6 axb6 25. Ra7 Rc8 26. Nc3 Kg7 27. Na4 Kf6 28.
Bg5+ Rxg5 29. Nxg5 Kxg5 30. Nxb6 cxb6 31. Rxe7 Kf5 32. f3 Kf6 33. Rb7 Kg5 34.
Rxb6 Rd8 35. Rc6 Kf4 36. g3+ Ke3 37. b6 Kxd3 38. Rd1+ Kxc4 39. Rdxd6 Rxd6 40.
Rxd6 1-0

[Event "Challenge"]
[Site "http://www.queenalice.com/game.php?id=451964"]
[Date "2008.8.22"]
[Round "-"]
[White "Mickwait"]
[Black "rugolini"]
[Result "1-0"]
[WhiteElo "1353"]
[BlackElo "982"]

1. e4 Nc6 2. c4 e5 3. a3 Bc5 4. Nf3 Nd4 5. b4 Bb6 6. c5 d5 7. Nxd4 exd4 8. exd5
Nf6 9. Bc4 c6 10. Qe2+ Qe7 11. Qxe7+ Kxe7 12. d6+ Kd7 13. cxb6 Re8+ 14. Kd1 Kxd6
15. Bxf7 Re7 16. Bc4 Bf5 17. d3 Rae8 18. bxa7 b5 19. Bf4+ Kd7 20. Bb3 Bxd3 21.
Bc2 Be2+ 22. Kc1 d3 23. Bd1 Bh5 24. Bxh5 Nxh5 25. Be3 Re4 26. Kd2 Nf4 27. Nc3
Rc4 28. g3 Ng2 29. Kxd3 Rd8 30. Kc2 Kc7 31. Bc5 h5 32. Rag1 Re4 33. Nxe4 1-0

[Event "Challenge"]
[Site "http://www.queenalice.com/game.php?id=451965"]
[Date "2008.8.22"]
[Round "-"]
[White "Mickwait"]
[Black "alfonso"]
[Result "0-1"]
[WhiteElo "1285"]
[BlackElo "1264"]

1. g3 d5 2. Bg2 Nf6 3. Nf3 c6 4. d4 Qa5+ 5. Bd2 Qd8 6. Nc3 b5 7. O-O b4 8. Na4
Ne4 9. Ne5 f6 10. Nd3 Qa5 11. Nac5 Nd6 12. Bxb4 Qb6 13. Qd2 Nc4 14. Qc3 a5 15.
Ba3 Bg4 16. f3 Bf5 17. b3 Nxa3 18. g4 Bc8 19. Na4 Qb5 20. Qb2 Nxc2 21. Qxc2 g6
22. Nac5 Bh6 23. a4 Qb6 24. Rab1 Be3+ 25. Kh1 Bxd4 26. b4 axb4 27. Rxb4 Qa5 28.
Nb3 Qc7 29. Nxd4 c5 30. Nb5 Qd8 31. Qxc5 Na6 32. Qc6+ Bd7 33. Qxd5 Rc8 34. Rc4
Kf8 35. Rxc8 Qxc8 36. Rc1 Qd8 37. Qb7 Nb8 38. Nc5 Bc6 39. Ne6+ Kf7 40. Nxd8+
Rxd8 41. Qb6 Rd2 42. Qxb8 Bd7 43. Bf1 Ra2 44. e4 Rxa4 45. Bc4+ e6 46. Nd6+ Kg7
0-1

[Event "Challenge"]
[Site "http://www.queenalice.com/game.php?id=451966"]
[Date "2008.8.22"]
[Round "-"]
[White "Mickwait"]
[Black "fafaducarmo"]
[Result "1-0"]
[WhiteElo "1288"]
[BlackElo "1600"]

1. Nf3 c5 2. c4 Nc6 3. d4 b6 4. d5 Na5 5. e4 d6 6. h3 g6 7. Bd2 Nb7 8. Bc3 e6 9.
Bxh8 Nf6 10. Bxf6 Qxf6 11. Nc3 Bg7 12. Be2 Kf8 13. Nh2 Bd7 14. Qd3 Kg8 15. Ng4
Qd4 16. Qxd4 cxd4 17. Nb5 Bxb5 18. cxb5 Nc5 19. Rd1 d3 20. Bxd3 Nxd3+ 21. Rxd3
Bxb2 22. O-O e5 23. Rb1 Bd4 24. Rc1 Kg7 25. Rc7 a6 26. Rf3 Rf8 27. bxa6 h5 28.
Nf6 Ra8 29. a7 b5 30. Kf1 Bxa7 31. Rxa7 Rxa7 32. Ne8+ Kf8 33. Nxd6 b4 34. Rb3
Ra4 35. g3 Ke7 36. Nc4 Rxa2 37. Rxb4 Ra1+ 38. Kg2 Re1 39. Kf3 Rh1 40. h4 Rd1 41.
Nxe5 Kf6 42. Kf4 Rd2 43. f3 Kg7 44. Rb7 Kg8 45. Nxf7 1-0

[Event "Challenge"]
[Site "http://www.queenalice.com/game.php?id=451968"]
[Date "2008.8.22"]
[Round "-"]
[White "Mickwait"]
[Black "krewson1967"]
[Result "0-1"]
[WhiteElo "1347"]
[BlackElo "1925"]

1. e4 c6 2. d4 d5 3. e5 Bf5 4. Bd2 Nh6 5. h3 Nd7 6. Nc3 Qb6 7. Rb1 O-O-O 8. Nf3
Be4 9. Be3 Nf5 10. Bd3 e6 11. a3 Nxe3 12. fxe3 Bxf3 13. Qxf3 c5 14. Qxf7 cxd4
15. exd4 Qxd4 16. Qxe6 Bc5 17. Qxd5 Qxd5 18. Nxd5 Rhe8 19. Kd2 Nxe5 20. c4 b5
21. Kc3 Nxd3 22. Kxd3 Re3+ 23. Kc2 Rg3 24. b4 Rxg2+ 25. Kc3 Rg3+ 26. Kb2 Bd4+
27. Ka2 bxc4 28. Nf4 Be5 29. Rbf1 Rd2+ 30. Kb1 Rb2+ 31. Kc1 Rxa3 0-1

[Event "Challenge"]
[Site "http://www.queenalice.com/game.php?id=451970"]
[Date "2008.8.22"]
[Round "-"]
[White "Mickwait"]
[Black "alfonso"]
[Result "0-1"]
[WhiteElo "1268"]
[BlackElo "1281"]

1. e4 Nf6 2. e5 Ne4 3. Qf3 Ng5 4. Qh5 h6 5. d4 e6 6. f4 g6 7. Qe2 Nh7 8. g3 Bb4+
9. c3 Ba5 10. b4 Bb6 11. Nf3 a5 12. Ba3 d5 13. b5 a4 14. Nbd2 Ra5 15. Bb4 Ra7
16. h4 c6 17. Bd6 Nd7 18. a3 Ra5 19. bxc6 bxc6 20. Qf2 Ba7 21. g4 Rg8 22. Bd3
Qb6 23. Rb1 Qd8 24. g5 hxg5 25. hxg5 Rh8 26. Ke2 Rb5 27. Rxb5 cxb5 28. Bxb5 Qb6
29. Rb1 Qa5 30. Bb4 Qxb5+ 31. Ke3 Ba6 32. Ne1 Qc6 33. Qh4 Qb5 34. Qh2 Nb6 35.
Kf3 Bb8 36. Bd6 Qc6 37. Bxb8 Qxc3+ 38. Kg4 f5+ 39. exf6 Nxf6+ 40. gxf6 Rxh2 41.
Ndf3 Nd7 42. Nxh2 Kf7 43. Be5 Be2+ 0-1

[Event "Challenge"]
[Site "http://www.queenalice.com/game.php?id=454350"]
[Date "2008.8.27"]
[Round "-"]
[White "kpasquevich"]
[Black "Mickwait"]
[Result "1-0"]
[WhiteElo "1216"]
[BlackElo "1333"]

1. e4 e5 2. Nf3 Nf6 3. d3 h6 4. Nxe5 d6 5. Nc4 b5 6. Na5 c5 7. Bd2 Be6 8. Nc3
Qxa5 9. Be2 Qb6 10. O-O Nbd7 11. Bh5 g6 12. Bf3 h5 13. Bg5 Be7 14. Qd2 Rc8 15.
a4 1-0

[Event "Challenge"]
[Site "http://www.queenalice.com/game.php?id=454352"]
[Date "2008.8.27"]
[Round "-"]
[White "fferraz"]
[Black "Mickwait"]
[Result "0-1"]
[WhiteElo "1382"]
[BlackElo "1377"]

1. Nc3 c5 2. Nf3 Nc6 3. Nd5 e6 4. Ng5 exd5 5. e3 Qxg5 6. f4 Qg6 7. Bd3 Qxg2 8.
Rf1 Qxh2 9. Qe2 Qxe2+ 10. Bxe2 Nf6 11. c4 dxc4 12. Bxc4 Nb4 13. Kd1 Bd6 14. a3
Nc6 15. e4 Nxe4 16. Bd5 Nf6 17. Re1+ Ne7 18. Bf3 O-O 19. Rg1 Bxf4 20. d4 Bxc1
21. Rxc1 d6 22. dxc5 Be6 23. cxd6 Rad8 24. Ke2 Rxd6 25. Rc5 Rc8 26. Rcg5 Rc2+
27. Ke3 Nf5+ 28. Rxf5 Bxf5 29. Bd1 Rd3+ 30. Kf4 Rf2+ 31. Ke5 Nd7# 0-1

[Event "Challenge"]
[Site "http://www.queenalice.com/game.php?id=454354"]
[Date "2008.8.27"]
[Round "-"]
[White "Mickwait"]
[Black "coach4u"]
[Result "0-1"]
[WhiteElo "1367"]
[BlackElo "1567"]

1. e3 e5 2. c4 b6 3. Nc3 a6 4. Nf3 Nc6 5. d4 e4 6. Nd2 Nf6 7. a3 d5 8. b4 Bd6 9.
c5 bxc5 10. bxc5 Be7 11. Rb1 O-O 12. h3 a5 13. Bb5 Bd7 14. Qa4 Na7 15. Nb3 c6
16. Ba6 Rb8 17. O-O Nb5 0-1

[Event "Challenge"]
[Site "http://www.queenalice.com/game.php?id=454755"]
[Date "2008.8.28"]
[Round "-"]
[White "crisvolei"]
[Black "Mickwait"]
[Result "0-1"]
[WhiteElo "1439"]
[BlackElo "1209"]

1. d4 c5 2. dxc5 Qa5+ 3. Bd2 Qxc5 4. Be3 Qc6 5. f4 e6 6. Na3 Bxa3 7. bxa3 Qc3+
8. Bd2 Qxa3 9. e4 Nc6 10. Ne2 Nf6 11. Nc3 Qc5 12. Na4 Qd4 13. Nc3 Nxe4 14. Bd3
Qf2# 0-1

[Event "Challenge"]
[Site "http://www.queenalice.com/game.php?id=455179"]
[Date "2008.8.29"]
[Round "-"]
[White "reniflex"]
[Black "Mickwait"]
[Result "1-0"]
[WhiteElo "1095"]
[BlackElo "1400"]

1. e3 e5 2. d4 d6 3. Nf3 Bg4 4. h3 Bh5 5. Bb5+ c6 6. Ba4 Qa5+ 7. Nc3 b5 8. g4
Bg6 9. dxe5 d5 10. b4 Bxb4 11. Bb2 Bxc3+ 12. Bxc3 Qxc3+ 13. Nd2 bxa4 14. Rb1 Nd7
15. Kf1 Qxe5 16. Qe2 Ne7 17. f4 Qf6 18. g5 Qf5 19. Qf2 Qxc2 20. Qe1 Nf5 21. Rc1
Qd3+ 22. Qe2 Qxe2+ 23. Kxe2 O-O 24. Rxc6 Ng3+ 25. Kd1 Nxh1 26. Rc7 Rfd8 27. e4
dxe4 28. h4 f6 29. Rc3 Rac8 30. Rg3 Nf2+ 31. Ke2 Rc2 32. Rg2 Nd3 33. Ke3 Nb4 34.
a3 Nc6 35. f5 Bxf5 36. Rf2 1-0

[Event "Enric Vs Ivan"]
[Site "http://www.queenalice.com/game.php?id=457698"]
[Date "2008.9.3"]
[Round "-"]
[White "Bixu"]
[Black "Mickwait"]
[Result "1-0"]
[WhiteElo "1726"]
[BlackElo "1412"]

1. e4 e5 2. Bc4 Be7 3. Qh5 g6 4. Qxe5 f6 5. Qd5 Nh6 6. d3 c6 7. Qd4 Nf7 8. Nf3
b5 9. Bxf7+ Kxf7 10. O-O d6 11. b4 Be6 12. a3 a5 13. Bb2 a4 14. h3 Nd7 15. Ng5+
fxg5 16. Qg7+ Ke8 17. Qxh8+ Nf8 18. g4 Rc8 19. Bg7 Kd7 20. Bxf8 Qxf8 21. Qd4 Bf6
22. Qa7+ Rc7 23. Qe3 Bxa1 24. Qxg5 Bf6 25. Qf4 Qe7 26. Qe3 d5 27. e5 Bg5 28. f4
Bh6 29. Nc3 g5 30. f5 1-0

[Event "PAEJA VII"]
[Site "http://www.queenalice.com/game.php?id=459828"]
[Date "2008.9.7"]
[Round "-"]
[White "perucona"]
[Black "Mickwait"]
[Result "1-0"]
[WhiteElo "1574"]
[BlackElo "1298"]

1. e4 e5 2. d4 d6 3. d5 Nf6 4. Nc3 h6 5. Nf3 Bg4 6. h3 Bh5 7. g4 Bg6 8. Ne2 Be7
9. c3 Bxe4 10. Bg2 Bxd5 11. b3 Qd7 12. c4 Be4 13. O-O Qc6 14. Nc3 Na6 15. Re1
O-O-O 16. b4 Nxb4 17. Ba3 Nc2 18. Rc1 Nxe1 19. Qxe1 Bxf3 20. Bxf3 Qxf3 21. Qe2
Qxh3 22. Qf1 Qxg4+ 23. Qg2 Qxg2+ 24. Kxg2 a6 25. f3 g5 26. Ne4 Nxe4 27. fxe4 Kd7
28. Rb1 b6 29. Rd1 h5 30. c5 bxc5 31. Rb1 Rb8 32. Rd1 Ke6 33. Bc1 h4 34. Kh2 Rb4
35. Re1 h3 36. Re3 1-0

[Event "Challenge"]
[Site "http://www.queenalice.com/game.php?id=460762"]
[Date "2008.9.9"]
[Round "-"]
[White "Andrei_78"]
[Black "Mickwait"]
[Result "1-0"]
[WhiteElo "1595"]
[BlackElo "1408"]

1. e4 e5 2. d3 Be7 3. h3 d5 4. exd5 Qxd5 5. Nc3 Qc6 6. a3 Be6 7. Nf3 Nd7 8. Be2
O-O-O 9. O-O h6 10. Be3 a6 11. Ne4 f5 12. Nc3 g5 13. Nh2 Ngf6 14. Qd2 Nc5 15.
Bf3 Qb6 16. b4 f4 17. bxc5 fxe3 18. Qxe3 Qxc5 19. Qd2 Qd4 20. Ne2 Qc5 21. Rfb1
Bd5 22. c4 Bxf3 23. Nxf3 e4 24. Ne1 Qe5 25. d4 Qf5 26. Ng3 Qe6 27. d5 Qe5 28.
Qa5 Rd6 29. Qb4 Rb6 30. Qd2 1-0

[Event "Challenge"]
[Site "http://www.queenalice.com/game.php?id=460838"]
[Date "2008.9.9"]
[Round "-"]
[White "Andrei_78"]
[Black "Mickwait"]
[Result "0-1"]
[WhiteElo "1534"]
[BlackElo "1398"]

1. e4 e5 2. d3 Be7 3. h3 c5 4. Nf3 Nc6 5. Nc3 Nf6 6. a3 h6 7. Be2 a6 8. O-O d6
9. Be3 Be6 10. Qd2 g5 11. Nh2 Rg8 12. Nf3 Qd7 13. Nd1 Nh5 14. Nc3 Nd4 15. Bxd4
cxd4 16. Nd1 g4 17. hxg4 Bxg4 18. Nh2 Bh3 19. Ng4 Bxg4 20. Bxg4 Qxg4 21. f3 Qg3
22. Rf2 Nf4 23. Kf1 Bh4 24. Kg1 Qh3 25. Kf1 Qh1# 0-1

[Event "Challenge"]
[Site "http://www.queenalice.com/game.php?id=461394"]
[Date "2008.9.10"]
[Round "-"]
[White "Mickwait"]
[Black "Fura"]
[Result "0-1"]
[WhiteElo "1425"]
[BlackElo "1673"]

1. d4 f5 2. Bf4 d6 3. e3 Nf6 4. Bc4 d5 5. Bb3 e6 6. Be5 Nc6 7. Nf3 Bd6 8. Nc3
Qe7 9. Qe2 Bxe5 10. Nxe5 Nxe5 11. dxe5 Ne4 12. Nxe4 fxe4 13. O-O Qg5 14. c4 Qxe5
15. cxd5 exd5 16. Qb5+ c6 17. Qe2 Qg5 18. f3 h5 19. fxe4 Bg4 20. Qd3 O-O-O 21.
exd5 h4 22. h3 Bxh3 23. Qd2 Bf5 24. d6 h3 25. Rf2 Rh6 26. e4 h2+ 27. Kh1 Qxd2
28. Rxd2 Bxe4 29. Be6+ Rxe6 30. Kxh2 Rdxd6 31. Rxd6 Rxd6 32. Re1 Bd5 33. g4 Bxa2
34. Re7 g5 35. Rg7 Rd5 36. Kg3 a5 37. Kf2 b5 0-1

[Event "Challenge"]
[Site "http://www.queenalice.com/game.php?id=461784"]
[Date "2008.9.11"]
[Round "-"]
[White "ingridcardoso"]
[Black "Mickwait"]
[Result "0-1"]
[WhiteElo "1353"]
[BlackElo "1354"]

1. e4 e5 2. Nf3 Nc6 3. Nc3 Nf6 4. Bb5 d6 5. Bxc6+ bxc6 6. d4 Bg4 7. dxe5 Bxf3 8.
gxf3 dxe5 9. Bg5 h6 10. Be3 Bb4 11. Bd2 O-O 12. O-O Qd4 13. Nb1 Rad8 14. c3 Bxc3
15. Nxc3 Qxd2 16. Qxd2 Rxd2 17. Rac1 Rxb2 18. a3 Nh5 19. Na4 Rb3 20. Rxc6 Rxa3
21. Nb2 Rc8 22. Nc4 Rxf3 23. Nxe5 Rf6 24. Ra1 Rxc6 25. Nxc6 Re8 26. e5 Re6 27.
Nxa7 Rxe5 28. Rc1 Nf4 29. Rxc7 Re1# 0-1

[Event "Challenge"]
[Site "http://www.queenalice.com/game.php?id=467640"]
[Date "2008.9.24"]
[Round "-"]
[White "REUSKING"]
[Black "Mickwait"]
[Result "1-0"]
[WhiteElo "1937"]
[BlackElo "1371"]

1. e4 e5 2. Nf3 Nc6 3. d4 exd4 4. Nxd4 Bc5 5. Be3 Qf6 6. c3 d6 7. Be2 Bd7 8. O-O
Nge7 9. Nc2 h6 10. Bxc5 dxc5 11. Ne3 O-O-O 12. Qc2 Be6 13. Nd2 Rd7 14. Nf3 Rhd8
15. Rad1 Rxd1 16. Rxd1 Rxd1+ 17. Bxd1 b6 18. b3 Ne5 19. Nxe5 Qxe5 20. Bg4 Bxg4
21. Nxg4 Qg5 22. Ne3 g6 23. g3 Nc6 24. f4 Qe7 25. Nd5 Qe6 26. c4 Nd4 27. Qd3 f5
28. e5 c6 29. Nf6 a6 30. Kf2 g5 31. Nh5 g4 32. Ke3 Qg6 33. Nf6 Kd8 34. a3 1-0

[Event "Challenge"]
[Site "http://www.queenalice.com/game.php?id=468185"]
[Date "2008.9.25"]
[Round "-"]
[White "Mickwait"]
[Black "ingridcardoso"]
[Result "0-1"]
[WhiteElo "1369"]
[BlackElo "1403"]

1. g3 e5 2. Bg2 Nf6 3. c4 Bc5 4. e3 d5 5. Qc2 d4 6. e4 Nc6 7. a3 Be6 8. b4 d3 9.
Qa2 Bd4 10. Bb2 O-O 11. b5 Na5 12. Nf3 Bxc4 13. Bxd4 Bxa2 14. Rxa2 exd4 15. O-O
Nxe4 16. a4 Qd5 17. Ra3 Nc4 18. Rxd3 a6 19. Rxd4 Qe6 20. Re1 Rae8 21. Ng5 Nxg5
22. Rxe6 Rxe6 23. Rxc4 Re1+ 24. Bf1 Rxb1 25. bxa6 Nf3+ 26. Kg2 Nxd2 27. Rxc7
bxa6 28. Ra7 Rxf1 29. Rxa6 Re8 30. Rd6 Nc4 31. Rc6 Na5 0-1